गेहूँ के जवारेः (Record no. 15027)
[ view plain ]
| 000 -LEADER | |
|---|---|
| fixed length control field | 01652 a2200265 4500 |
| 005 - DATE AND TIME OF LATEST TRANSACTION | |
| control field | 20080825112722.0 |
| 008 - FIXED-LENGTH DATA ELEMENTS--GENERAL INFORMATION | |
| fixed length control field | 080825t xxu||||| |||| 00| 0 hin d |
| 010 ## - LIBRARY OF CONGRESS CONTROL NUMBER | |
| LC control number | HIN-84051 |
| 020 ## - INTERNATIONAL STANDARD BOOK NUMBER | |
| International Standard Book Number | 818609864x |
| Terms of availability | 100.00 |
| 035 ## - SYSTEM CONTROL NUMBER | |
| System control number | HN-56397 |
| 037 ## - SOURCE OF ACQUISITION | |
| Stock number | DBAD / PUB |
| 040 ## - CATALOGING SOURCE | |
| Original cataloging agency | DPL |
| Language of cataloging | HN |
| 082 ## - DEWEY DECIMAL CLASSIFICATION NUMBER | |
| Classification number | 615.854 |
| 100 ## - MAIN ENTRY--PERSONAL NAME | |
| Personal name | कपिल, सुरेन्द्र |
| 245 ## - TITLE STATEMENT | |
| Title | गेहूँ के जवारेः |
| Statement of responsibility, etc | सुरेन्द्र कपिल |
| Remainder of title | गेहूँ रस अमृत उगाओ स्वास्थ्य बनाओ प्राकृतिक प्रतिरोधक शक्ति जगाओ । |
| 246 ## - VARYING FORM OF TITLE | |
| Title proper/short title | Gehun ke jawaare |
| Remainder of title | by Surendra Kapil |
| 260 ## - PUBLICATION, DISTRIBUTION, ETC. (IMPRINT) | |
| Place of publication, distribution, etc | जयपुर |
| Name of publisher, distributor, etc | नारायण प्रकाशन |
| Date of publication, distribution, etc | 2007 |
| 270 ## - ADDRESS | |
| Address | जी-15, एस.एस.टॉवर,धामाणी गली, चौड़ा रास्ता |
| City | जयपुर |
| Postal code | 302003 |
| 300 ## - PHYSICAL DESCRIPTION | |
| Extent | 41पृ |
| Dimensions | 22 सेमी (सजिल्द) |
| 650 ## - SUBJECT ADDED ENTRY--TOPICAL TERM | |
| Topical term or geographic name as entry element | कच्चे जूसों से प्राकृतिक उपचार चिकित्सा |
| General subdivision | कच्चे जूसों से उपचार |
| 650 ## - SUBJECT ADDED ENTRY--TOPICAL TERM | |
| Topical term or geographic name as entry element | Medicine natural remedies raw juices |
| General subdivision | Raw jucies therapy |
| 942 ## - ADDED ENTRY ELEMENTS (KOHA) | |
| Institution code [OBSOLETE] | dpl |
| Koha item type | Hindi Books |
| Source of classification or shelving scheme | Dewey Decimal Classification |
| Call number suffix | कपिल |
| Classification part | 61554 |
| Withdrawn status | Lost status | Damaged status | Not for loan | Collection code | Home library | Current library | Date acquired | Source of acquisition | Cost, normal purchase price | Total Checkouts | Full call number | Barcode | Date last seen | Copy number | Cost, replacement price | Price effective from | Koha item type |
|---|---|---|---|---|---|---|---|---|---|---|---|---|---|---|---|---|---|
| Not For Loan | Non-fiction | D.B.Act.Division | D.B.Act.Division | 25/08/2008 | DBAD / PUB | 100.00 | 615.854 à ¤Âà ¤ªà ¤¿à ¤ | HN-56397 | 15/09/2008 | 1 | 100.00 | 15/09/2008 | Hindi Books |
